01231nac a22003257a 4500001001000000003000900010005001700019008003400036040005400070072000800124090001800132100001900150100001600169110007600185245014500261260003400406300001000440490010200450500001300552650002300565650001000588650002100598650002300619650001600642650002000658909004700678942001700725999001900742952014400761BR8104470BR-BrBNA20240105115033.0230509b bl.|||m| |||| 00| 0 por d aBR-BrBNAbporcBiblioteca Nacional de Agricultura aE50 aE50 BR81044701 aGalvao, M.R.S.1 aSampaio, Y.1 aUniversidade Federal de Pernambuco, Recife (Brasil). Depto. de Economia1 aEfeitos e impacto de saude em um projeto de desenvolvimento rural integrado [Regiao Nordeste, Brasil]bCurso de Mestrado em Economia - PIMES3 aRecife, PE (Brasil): c1981.  a19 p. aTexto para Discussao - Universidade Federal de Pernambuco. Depto. de Economia (Brazil)vno. 110x a6 tables aPLANEJAMENTO RURAL aSAUDE aCOMUNIDADE RURAL aASSISTENCIA SOCIAL aBAIXA RENDA aREGIAO NORDESTE a202312bLúcia Elandec55dLúcia Elande 2AGRISn0cMS c272690d272690 002AGRIS40708Acervo Gerala41918b41918cAGROBASEl0oE50 BR8104470pE50 BR8104470r2023-12-18yMSePortaria Interministerial nº 164/94